[Event "Minsk op"]
[Site "Minsk"]
[Date "2023.11.09"]
[Round "7"]
[White "Rosikhin, Igor"]
[Black "Arakelyan, Narek A"]
[Result "1-0"]
[WhiteElo "1793"]
[BlackElo "1468"]
[PlyCount "91"]
[EventDate "2023.11.03"]
[EventType "swiss"]
[EventRounds "9"]
[EventCountry "BLR"]
[SourceTitle "CB46_2023"]
[SourceDate "2023.11.15"]
[SourceVersion "1"]
[SourceVersionDate "2023.11.15"]
[SourceQuality "1"]

1. e4 c5 2. Nc3 d6 3. f4 Nc6 4. Nf3 g6 5. Bc4 Bg7 6. 0-0 e6 7. d3 Nge7 8. Qe1 0-0 9. f5 d5 10. Bb3 dxe4 11. f6 Bxf6 12. Nxe4 Bg7 13. g4 Nd5 14. g5 Nde7 15. Nxc5 Qb6 16. Qf2 Nf5 17. Ne4 Qd8 18. Nf6+ Bxf6 19. gxf6 Qxf6 20. c3 Ne5 21. Nxe5 Qxe5 22. d4 Qe4 23. Bf4 b6 24. Rae1 Qc6 25. Re5 f6 26. d5 Qc5 27. Qxc5 bxc5 28. dxe6 Re8 29. e7+ Kg7 30. Rxc5 Rxe7 31. Bc2 Re2 32. Rc7+ Kh8 33. Bd3 Rxb2 34. Re1 Bb7 35. Bxf5 gxf5 36. Ree7 Rg8+ 37. Bg3 Rg6 38. Rxh7+ Kg8 39. Rxb7 Rxb7 40. Rxb7 f4 41. Kf2 fxg3+ 42. hxg3 Rg4 43. Rb4 Rg5 44. Rb8+ Kg7 45. Rb7+ Kg6 46. Rxa7 1-0

[Event "Minsk op"]
[Site "Minsk"]
[Date "2023.11.07"]
[Round "5"]
[White "Bartash, Saveli"]
[Black "Arakelyan, Narek A"]
[Result "0-1"]
[WhiteElo "1600"]
[BlackElo "1468"]
[PlyCount "110"]
[EventDate "2023.11.03"]
[EventType "swiss"]
[EventRounds "9"]
[EventCountry "BLR"]
[SourceTitle "CB46_2023"]
[SourceDate "2023.11.15"]
[SourceVersion "1"]
[SourceVersionDate "2023.11.15"]
[SourceQuality "1"]

1. e4 c5 2. Nf3 d6 3. d4 cxd4 4. Nxd4 Nf6 5. Nc3 g6 6. Be3 Bg7 7. Bc4 Nc6 8. f3 Qb6 9. Nf5 Qxb2 10. Nxg7+ Kf8 11. Nd5 Nxd5 12. Bxd5 Kxg7 13. Bxc6 Qc3+ 14. Kf2 Qxc6 15. Qd3 Be6 16. Bd4+ f6 17. h4 h5 18. Rhc1 Rhc8 19. c3 b5 20. Qe3 a6 21. Rg1 Rh8 22. Qf4 Bd7 23. Qd2 Rac8 24. Rgb1 Rhd8 25. Qd3 e5 26. Be3 Be6 27. Rc1 d5 28. Qb1 dxe4 29. Qxe4 Qxe4 30. fxe4 Rd3 31. a4 Rcxc3 32. Rxc3 Rxc3 33. axb5 axb5 34. Ra7+ Kg8 35. Ra6 Kf7 36. Rb6 Rc2+ 37. Kg3 Rc4 38. Rb7+ Ke8 39. Rxb5 Rxe4 40. Bf2 Rg4+ 41. Kh2 Bd7 42. Rb8+ Ke7 43. g3 Rc4 44. Rg8 Bf5 45. Rg7+ Ke6 46. Ra7 Be4 47. Ra1 Rc2 48. Kg1 Kf5 49. Rf1 Kg4 50. Re1 Bf3 51. Re3 Rd2 52. Be1 Rg2+ 53. Kf1 e4 54. Bf2 Rxg3 55. Bxg3 Kxg3 0-1

[Event "Minsk op"]
[Site "Minsk"]
[Date "2023.11.06"]
[Round "4"]
[White "Arakelyan, Narek A"]
[Black "Kirko, Ivan"]
[Result "1-0"]
[WhiteElo "1468"]
[BlackElo "1273"]
[PlyCount "71"]
[EventDate "2023.11.03"]
[EventType "swiss"]
[EventRounds "9"]
[EventCountry "BLR"]
[SourceTitle "CB46_2023"]
[SourceDate "2023.11.15"]
[SourceVersion "1"]
[SourceVersionDate "2023.11.15"]
[SourceQuality "1"]

1. e4 c5 2. Nf3 e6 3. d4 cxd4 4. Nxd4 a6 5. Bd3 Qc7 6. 0-0 Be7 7. c4 Nf6 8. Nc3 0-0 9. Kh1 d6 10. f4 Nbd7 11. Qe1 Re8 12. Qg3 Kh8 13. Bd2 b6 14. Rae1 Nc5 15. Bc2 e5 16. fxe5 dxe5 17. Nf5 Bxf5 18. Rxf5 Qd7 19. Qf2 Rad8 20. Nd5 Ne6 21. Bd3 Ng4 22. Qe2 Nh6 23. Rxe5 Bc5 24. Rd1 Qb7 25. Rh5 Ng8 26. Qg4 f6 27. e5 f5 28. Qxf5 g6 29. Qxg6 h6 30. Rxh6+ Nxh6 31. Qxh6+ Kg8 32. Nf6+ Kf7 33. Bg6+ Ke7 34. Qh7+ Ng7 35. Qxg7+ Ke6 36. Bf5+ 1-0

[Event "Wch U14 blitz"]
[Site "Batumi"]
[Date "2023.06.10"]
[Round "1"]
[White "Kozlovic, Jernej"]
[Black "Arakelyan, Narek A"]
[Result "1-0"]
[WhiteElo "2009"]
[BlackElo "1372"]
[PlyCount "183"]
[EventDate "2023.06.10"]
[EventType "swiss (blitz)"]
[EventRounds "11"]
[EventCountry "GEO"]
[SourceTitle "EXT 2024"]
[Source "ChessBase"]
[SourceDate "2023.10.10"]
[SourceVersion "1"]
[SourceVersionDate "2023.10.10"]
[SourceQuality "1"]
[WhiteTeam "Slovenia"]
[BlackTeam "Armenia"]
[WhiteTeamCountry "SLO"]
[BlackTeamCountry "ARM"]

1. e4 c5 2. Nf3 d6 3. Bb5+ Bd7 4. Bxd7+ Qxd7 5. c4 Nc6 6. Nc3 g6 7. d4 cxd4 8. Nxd4 Bg7 9. Be3 Nf6 10. f3 Rc8 11. b3 Ne5 12. 0-0 0-0 13. Qd2 Qd8 14. Rfd1 Nfd7 15. Nde2 a6 16. Rac1 Nc6 17. Kh1 Qa5 18. a4 Nde5 19. Nd5 Qxd2 20. Rxd2 Nd7 21. Rcd1 Rfe8 22. g3 Na5 23. Nc1 Ne5 24. Kg2 h5 25. Bb6 Nac6 26. Nd3 Nd7 27. Nc1 Nde5 28. Nd3 Nd7 29. Be3 Na5 30. Nc1 Nc6 31. f4 Kh7 32. Nb6 Nxb6 33. Bxb6 Bc3 34. Rd3 Bg7 35. Be3 Nb4 36. R3d2 Bc3 37. Re2 Nc6 38. Na2 Bg7 39. Nc1 Nb4 40. Nd3 Nc6 41. Bb6 Kg8 42. Ne1 Nb4 43. Nf3 Nc6 44. Nd4 Nxd4 45. Bxd4 Bxd4 46. Rxd4 Kg7 47. Kf3 Rc5 48. Red2 Rec8 49. Rd5 R5c7 50. a5 Rc5 51. Ke3 Kf6 52. h4 Ke6 53. Kd4 R5c7 54. Kc3 Kf6 55. Kb4 Rd8 56. e5+ Ke6 57. exd6 exd6 58. Re2+ Kd7 59. Rd3 Rc5 60. Rde3 Rf5 61. Re7+ Kc8 62. R2e3 d5 63. cxd5 Rdxd5 64. Re8+ Kc7 65. Rc3+ Kd7 66. Rb8 Rb5+ 67. Kc4 Rfc5+ 68. Kd3 Rd5+ 69. Kc2 Rxa5 70. Rxb7+ Ke6 71. b4 Rab5 72. Rc6+ Rd6 73. Rxd6+ Kxd6 74. Rxf7 Rxb4 75. Rf6+ Kc5 76. Rxa6 Rc4+ 77. Kd3 Rd4+ 78. Ke3 Rd6 79. Rxd6 Kxd6 80. Kd4 Ke6 81. Ke4 Kf6 82. Kd4 Kf5 83. Ke3 Kg4 84. Kf2 Kf5 85. Kf3 Kf6 86. Kg2 Kf5 87. Kf2 Ke4 88. Ke2 Kd4 89. Kf3 Kd3 90. f5 gxf5 91. Kf4 Ke2 92. Kg5 1-0